|
|
|
|
| LEADER |
00000cam a2200000 a 4500 |
| 001 |
UCD3338 |
| 003 |
CL-VaPUC |
| 008 |
160603e18180000sp |||||||||||||||||spa|d |
| 082 |
0 |
4 |
|a 220
|b SCI
|2 21
|
| 100 |
0 |
|
|a Scio de San Miguel, Felipe
|e author
|9 586765
|
| 245 |
1 |
3 |
|a La Biblia Vulgata Latina
|
| 250 |
|
|
|a 3a. ed
|
| 300 |
|
|
|a t
|
| 942 |
|
|
|c BK
|
| 945 |
|
|
|d 20160603 11:43:00
|a dcastane
|
| 260 |
|
|
|a Madrid
|b Ibarra
|c 1818
|
| 500 |
|
|
|a t.1: del Antiguo Testamento. El Génesis
|
| 500 |
|
|
|a t.2: del Antiguo Testamento. El Éxodo, el Levítico y los Números
|
| 500 |
|
|
|a t.3: del Antiguo Testamento. El Deuteronomio, Josué, Jueces y Ruth
|
| 500 |
|
|
|a t.4: del Antiguo Testamento. Libros, I, II, III, y IV de Los Reyes
|
| 500 |
|
|
|a t.5: del Antiguo Testamento. Los dos libros de los Paralipómenos
|
| 500 |
|
|
|a t.6: del Antiguo Testamento. El Libro de Esther, el de Job
|
| 500 |
|
|
|a t.7: del Antiguo Testamento. Parte segunda de Los Salmos
|
| 500 |
|
|
|a t.8: del Antiguo Testamento. Los Proverbios, el Eclesiastés
|
| 500 |
|
|
|a t.9: del Antiguo Testamento. La Profecía de Isaías y la de Jeremías
|
| 500 |
|
|
|a t.10 del Antiguo Testamento. Los threnos de Jeremías
|
| 500 |
|
|
|a t.11: del Antiguo Testamento. Los doce profetas menores
|
| 500 |
|
|
|a t.12: del Nuevo Testamento. San Mateo, San Marcos y San Lucas
|
| 500 |
|
|
|a t.13 del Nuevo Testamento. Las epístolas de San Pablo
|
| 500 |
|
|
|a t.15 del Nuevo testamento. Las epístolas católicas y el Apocalipsis de San Juan
|
| 650 |
|
0 |
|a Biblia
|9 257603
|
| 650 |
|
0 |
|a Antiguo testamento
|9 313678
|
| 650 |
|
0 |
|a Nuevo testamento
|9 257604
|
| 583 |
|
|
|a last modification
|c 20160603 11:43:00
|k Rodrigo Vera
|
| 999 |
|
|
|c 364374
|d 364372
|
| 952 |
|
|
|0 0
|1 0
|3 erd
|4 0
|6 220_000000000000000_SCI_1818
|7 0
|8 X
|9 477481
|a BIBTEO
|b BIBTEO
|c TEO_FFR
|h t.1
|i 5234379
|o 220 SCI 1818
|p 5234379
|r 2023-01-25
|w 2019-11-24
|y BK_X
|z Catalogado en:20160603
|k OFM
|
| 952 |
|
|
|0 0
|1 0
|3 erd
|4 0
|6 220_000000000000000_SCI_1818
|7 0
|8 X
|9 477482
|a BIBTEO
|b BIBTEO
|c TEO_FFR
|h t.2
|i 5234387
|o 220 SCI 1818
|p 5234387
|r 2023-01-25
|w 2019-11-24
|y BK_X
|z Catalogado en:20160603
|k OFM
|
| 952 |
|
|
|0 0
|1 0
|3 erd
|4 0
|6 220_000000000000000_SCI_1818
|7 0
|8 X
|9 477483
|a BIBTEO
|b BIBTEO
|c TEO_FFR
|h t.3
|i 5234395
|o 220 SCI 1818
|p 5234395
|r 2023-01-25
|w 2019-11-24
|y BK_X
|z Catalogado en:20160603
|k OFM
|
| 952 |
|
|
|0 0
|1 0
|3 erd
|4 0
|6 220_000000000000000_SCI_1818
|7 0
|8 X
|9 477484
|a BIBTEO
|b BIBTEO
|c TEO_FFR
|h t.4
|i 5234409
|o 220 SCI 1818
|p 5234409
|r 2023-01-25
|w 2019-11-24
|y BK_X
|z Catalogado en:20160603
|k OFM
|
| 952 |
|
|
|0 0
|1 0
|3 erd
|4 0
|6 220_000000000000000_SCI_1818
|7 0
|8 X
|9 477485
|a BIBTEO
|b BIBTEO
|c TEO_FFR
|h t.5
|i 5234417
|o 220 SCI 1818
|p 5234417
|r 2023-01-25
|w 2019-11-24
|y BK_X
|z Catalogado en:20160603
|k OFM
|
| 952 |
|
|
|0 0
|1 0
|3 erd
|4 0
|6 220_000000000000000_SCI_1818
|7 0
|8 X
|9 477486
|a BIBTEO
|b BIBTEO
|c TEO_FFR
|h t.6
|i 5234425
|o 220 SCI 1818
|p 5234425
|r 2023-01-25
|w 2019-11-24
|y BK_X
|z Catalogado en:20160603
|k OFM
|
| 952 |
|
|
|0 0
|1 0
|3 erd
|4 0
|6 220_000000000000000_SCI_1818
|7 0
|8 X
|9 477487
|a BIBTEO
|b BIBTEO
|c TEO_FFR
|h t.7
|i 5234433
|o 220 SCI 1818
|p 5234433
|r 2023-01-25
|w 2019-11-24
|y BK_X
|z Catalogado en:20160603
|k OFM
|
| 952 |
|
|
|0 0
|1 0
|3 erd
|4 0
|6 220_000000000000000_SCI_1818
|7 0
|8 X
|9 477488
|a BIBTEO
|b BIBTEO
|c TEO_FFR
|h t.8
|i 5234441
|o 220 SCI 1818
|p 5234441
|r 2023-01-25
|w 2019-11-24
|y BK_X
|z Catalogado en:20160603
|k OFM
|
| 952 |
|
|
|0 0
|1 0
|3 erd
|4 0
|6 220_000000000000000_SCI_1818
|7 0
|8 X
|9 477489
|a BIBTEO
|b BIBTEO
|c TEO_FFR
|h t.9
|i 523445K
|o 220 SCI 1818
|p 523445K
|r 2023-01-25
|w 2019-11-24
|y BK_X
|z Catalogado en:20160603
|k OFM
|
| 952 |
|
|
|0 0
|1 0
|3 erd
|4 0
|6 220_000000000000000_SCI_1818
|7 0
|8 X
|9 477490
|a BIBTEO
|b BIBTEO
|c TEO_FFR
|h t.10
|i 5234468
|o 220 SCI 1818
|p 5234468
|r 2023-01-25
|w 2019-11-24
|y BK_X
|z Catalogado en:20160603
|k OFM
|
| 952 |
|
|
|0 0
|1 0
|3 erd
|4 0
|6 220_000000000000000_SCI_1818
|7 0
|8 X
|9 477491
|a BIBTEO
|b BIBTEO
|c TEO_FFR
|h t.11
|i 5234476
|o 220 SCI 1818
|p 5234476
|r 2023-01-25
|w 2019-11-24
|y BK_X
|z Catalogado en:20160603
|k OFM
|
| 952 |
|
|
|0 0
|1 0
|3 erd
|4 0
|6 220_000000000000000_SCI_1818
|7 0
|8 X
|9 477492
|a BIBTEO
|b BIBTEO
|c TEO_FFR
|h t.12
|i 5234484
|o 220 SCI 1818
|p 5234484
|r 2023-01-25
|w 2019-11-24
|y BK_X
|z Catalogado en:20160603
|k OFM
|
| 952 |
|
|
|0 0
|1 0
|3 erd
|4 0
|6 220_000000000000000_SCI_1818
|7 0
|8 X
|9 477493
|a BIBTEO
|b BIBTEO
|c TEO_FFR
|h t.13
|i 5234492
|o 220 SCI 1818
|p 5234492
|r 2023-01-25
|w 2019-11-24
|y BK_X
|z Catalogado en:20160603
|k OFM
|
| 952 |
|
|
|0 0
|1 0
|3 erd
|4 0
|6 220_000000000000000_SCI_1818
|7 0
|8 X
|9 477494
|a BIBTEO
|b BIBTEO
|c TEO_FFR
|h t.15
|i 5234506
|o 220 SCI 1818
|p 5234506
|r 2023-01-25
|w 2019-11-24
|y BK_X
|z Catalogado en:20160603
|k OFM
|